000 00414nam a22001817a 4500
003 OSt
005 20230713155642.0
008 230713b |||||||| |||| 00| 0 eng d
020 _a9789386141125
082 _a347.54
_bKATW
100 _aKATJU, Markandey
245 _aWhither Indian Judiciary
260 _aDelhi
_bBloomsburry
_c2018
300 _a296p
546 _aEnglish
650 _aLaw
942 _2ddc
_cBK
999 _c3265
_d3265